000 00548nam a2200205Ia 4500
003 OSt
005 20230602134203.0
008 210423s1998 xx 000 0 und d
040 _cAL
041 _aeng
082 _a338.9
_223
_bDEST
100 _aDESAI (Murali)
_9119002
245 _aTowards people central development part 1
260 _aBombay
_bTISS
_c1998
365 _b235
_cINR
650 _aEconomics
_9119003
650 _aEconomics of Development
_9119004
906 _acentral ; development ; people ; Towards
942 _2ddc
_cBK
999 _c175675
_d175675